000 01106nam a22002777a 4500
999 _c310743
_d310743
001 24471
003 UA-OsUOA
005 20230504161213.0
007 ta
008 20040218b un ||||| |||| 00| 0 ukr d
020 _a966-8074-64-5
040 _aUA-OsUOA
_bukr
_cUA-OsUOA
_dUA-OsUOA
041 _aukr
044 _aUA
080 _a347.96(075.8)
090 _a347.96(075.8)
_bС47
100 _aСливка С.
245 _aЮридична деонтологія
_bпідручник
260 _aК.
_bАтіка
_c2003
300 _a320 с.
520 _aУ книзі з позиції новітніх знань, досягнень науки і передового досвіду юридичної практики відображено сучасний стан правової деонтології та показані шляхи її пріоритетного розвитку
650 7 _a347 Цивільне право. Судовий устрій
_2UDC
942 _cBK
_2udc
955 _a2